| 000 | 00440nam a2200181Ia 4500 | ||
|---|---|---|---|
| 008 | 230524s9999 xx 000 0 und d | ||
| 020 | _a9780199455392 | ||
| 082 | _bPAR | ||
| 100 |
_aN.S.Parthasarathy _942434 |
||
| 245 | 0 | _aEngineering Drawing | |
| 250 | _a2 | ||
| 260 |
_aNew Delhi _bOxford _c2016 |
||
| 300 | _a"XXII,692p;" | ||
| 500 | _aQuantity Number: 1 | ||
| 650 | _aMechanics | ||
| 700 |
_a Vela Murali _942435 |
||
| 942 | _cBK | ||
| 999 |
_c56718 _d56718 |
||